zpět

Detail výsledku týmu

Kentaur PO, Brno

Datum a čas kvízu

27 Celkem bodů Celkový počet nahraných bodů na tomto kvízu bez doplňovacích otázek.
4. Pořadí na kvízu Konečné umístění týmu na tomto kvízu.

Zaznamenané odpovědi

# Otázka Odpověď Body Výsledky
1. Klub českých turistů vyvěsil m... 0
2. Jedna evropská země vydala pop... 1
3. V Praze byla minulý týden po s... 0
4. Hospodářská komora volila v rá... 1
5. Jak se jmenuje záložník, jenž... 0
6. V různých seriálech se objevil... 1
7. Napište jména herců, kteří ztv... 0.5
8. Walter White a Jesse Pinkman.... 1
9. Excentrický sedmdesátiletý věd... 1
10. A nakonec dvojice z českých ve... 1